zpět

Detail výsledku týmu

U Lucerny ST, Brno

Datum a čas kvízu

22 Celkem bodů Celkový počet nahraných bodů na tomto kvízu bez doplňovacích otázek.
12. Pořadí na kvízu Konečné umístění týmu na tomto kvízu.

Zaznamenané odpovědi

# Otázka Odpověď Body Výsledky
1. Známý tanečník a choreograf, l... dearMoon 0
2. Jak se jmenuje osobnost roku 2... Volodymyr Zelenskij 1
3. Ve středu zahájil novou sezónu... uvedení ruské opery 0
4. Po 66 letech skončila nejstarš... TOTO 0
5. Jakým skóre skončil penaltový... 3:0 0
6. V tomto tématu si vždy vyberet... Taškent / Baku 1
7. Pokračujeme sportem. ZA BOD: K... Svatý Mořic / Barcelona 0
8. ZA BOD: Jak se jmenuje středně... impala / komodský 0
9. ZA BOD: Ke které značce odkazu... Perwoll / Flora 0
10. ZA BOD: Kdo režíroval film Leo... Luc Besson / Robert Zemeckis 0